[Event "St Petersburg-Moscow"]
[Site "St Petersburg"]
[Date "2003.05.05"]
[Round "2"]
[White "Alekseev, Evgeny V"]
[Black "Kobalia, Mihail"]
[Result "1-0"]
[WhiteElo "2607"]
[BlackElo "2639"]
[Annotator "Ribli,Z"]
[PlyCount "79"]
[EventDate "2003.05.03"]
[EventType "team"]
[EventRounds "2"]
[EventCountry "RUS"]
[SourceTitle "CBM 095"]
[Source "ChessBase"]
[SourceDate "2003.07.25"]
[SourceVersion "1"]
[SourceVersionDate "2003.07.25"]
[SourceQuality "1"]

1. c4 Nf6 2. Nc3 e5 3. e3 {Nach meiner Meinung kann Weiß mit diesem genügsamen
Zug keinen Eröffnungsvorteil erreichen.} d5 (3... c6 4. Nf3 d6 5. b3 Be7 6. Bb2
O-O 7. d3 Nbd7 8. Be2 a6 9. O-O Re8 10. Qc2 d5 11. d4 e4 12. Nd2 Nf8 {1/2-1/2
Vallejo Pons,F-Sokolov,I/Pamplona ESP 2002/(66)}) (3... Nc6 $5 4. d4 exd4 5.
exd4 d5 $11 {Mit dieser Zugfolge wir haben die Variante von der Franzoesische
Verteidigung - 1.e4 e6 2.d4 d5 3.exd5 exd5 4.c4 Nf6 5.Nc3 Nc6.}) 4. cxd5 Nxd5
5. Nf3 {Weiß spielt eigentlich eine Variante der Sizilianischen Verteidigung,
aber mit einem Mehrtempo.} Nxc3 6. bxc3 Bd6 7. d3 (7. Qc2 O-O 8. d4 exd4 9.
cxd4 Nc6 10. a3 Bg4 11. Be2 Bh5 12. O-O Re8 13. Bb2 Qe7 14. Rfe1 Rad8 15. h3 {
1-0 Legras,V-Leroux,R/Paris 2001/EXT 2002 (40)}) (7. Be2 Nd7 (7... O-O 8. O-O
Nc6 9. d4 Qf6 10. c4 b6 11. Bb2 Bg4 12. d5 Ne7 13. Nd2 Bxe2 14. Qxe2 Qg6 15.
Rac1 Rae8 16. e4 f5 17. f3 f4 18. Nb3 {1-0 Mason,J-Rosenthal,S/London 1883/HCL
(66)}) 8. d3 Nf6 9. e4 h6 10. Nd2 Qe7 11. O-O O-O 12. Kh1 c5 13. Nc4 Bc7 14.
Ne3 {1-0 Barcza,G-Tarnowski,A/Szczawno Zdroj 1950/MCD (46)}) 7... O-O 8. Be2
$11 {Weiß hat ein starkes Bauernzentrum, aber Schwarz hat keine
Eröffnungsprobleme. Die Stellung ist ungefähr gleich.} c5 (8... Nc6 9. O-O f5
$11) 9. O-O Nd7 $6 {Der Springer steht etwas ungluecklich auf d7. Die
Alternative waere viel natuerlicher.} (9... Nc6 10. e4 b6 $11) 10. e4 (10. c4
$11 {[%cal Gc1b2,Gb2g7]}) 10... Re8 11. Bg5 Be7 (11... f6 12. Be3 Nf8 13. d4
cxd4 14. cxd4 exd4 15. Qxd4 $14) (11... Qc7 $5) 12. Be3 Bf8 13. Qc2 {[%cal
Gd3d4] Weiß bereitet 14.d4 vor und verteidigt vorher den e4-Bauern.} Qc7 {
[%cal Gc7c2] Nach diesem Damezug kann Weiß nicht d3-d4 ziehen.} 14. Nd2 $14 {
[%cal Gd2c4,Gf2f4][%mdl 32] Mit diesem Springerzug bereitet Weiss 15.f4 vor
und spaeter kann der Springer nach c4 gehen.} Nb8 $1 {Schwarz versteht, dass
der Springer schlecht auf d7 steht und moechte 14...Nc6 spielen, aber dieses
Springermanoever kostet zwei Tempi.} 15. f4 exf4 (15... Nc6 16. f5 $36) 16.
Bxf4 Bd6 (16... Qd8 17. Nc4 $14) 17. Bxd6 Qxd6 18. Nc4 Qe7 (18... Qg6 19. Bf3
$14 {[%cal Gc2f2,Gf2c5]}) 19. Ne3 {[%csl Yd5][%cal Ge3d5] Der Springer zielt
auf das d5-Feld. Weiß hat einen Positionsvorteil - er hat eine starke
Bauernmasse im Zentrum und kontrolliert die halboffene f-Linie.} (19. e5 Nc6
20. Rae1 Be6 $132) 19... Nc6 20. Qd2 Be6 21. Nf5 (21. d4 Rad8 22. d5 Ne5 $13)
21... Bxf5 22. Rxf5 g6 $6 (22... c4 $1 23. d4 Qxe4 24. Rf2 Qd5 25. Raf1 $44)
23. Rf4 Rad8 24. Raf1 Ne5 (24... f5) 25. Qe3 Qd6 26. h4 b6 (26... h5 $142) 27.
h5 Re6 28. hxg6 fxg6 (28... hxg6 29. Rh4 $16 {[%cal Re3h6,Rh4h8]}) 29. Rd1 {
[%cal Gd3d4]} b5 $6 (29... Qd7 $5 30. d4 Rd6 31. d5 $14) 30. d4 Nc4 31. Bxc4
bxc4 32. d5 $16 {Weiß hat starke Zentrumsbauern und Initiative am Königsflügel.
Schwarz hat kein Gegenspiel.} Re5 33. Qf3 Qe7 34. Rf1 {[%cal Rf1f7]} Rd7 35.
Rf6 {Droht 36.d6 Rxd6 37.Rf8# mit Gewinn.} Kg7 36. d6 $18 Qe8 37. Rf8 Qe6 {[#]}
38. Rg8+ $3 {[%mdl 64] Mit diesem ausgezeichneten Zug gewinnt Weiß leicht.} Kh6
(38... Kxg8 39. Qf8#) (38... Qxg8 39. Qf6+ Kh6 40. Qxe5 $18 {[%csl Rh6][%cal
Rf1f3,Rf3h3,Rh3h6]}) 39. Qe3+ Kh5 40. Rf3 1-0

[Event "Moscow Aeroflot op-A"]
[Site "Moscow"]
[Date "2006.02.14"]
[Round "7"]
[White "Yakovich, Yuri"]
[Black "Volkov, Sergey"]
[Result "1-0"]
[WhiteElo "2551"]
[BlackElo "2629"]
[Annotator "Ribli,Z"]
[PlyCount "125"]
[EventDate "2006.02.08"]
[EventType "swiss"]
[EventRounds "9"]
[EventCountry "RUS"]
[SourceTitle "CBM 112"]
[Source "ChessBase"]
[SourceDate "2006.06.07"]
[SourceVersion "1"]
[SourceVersionDate "2006.06.07"]
[SourceQuality "1"]

1. c4 Nf6 2. Nc3 e5 3. g3 Bb4 4. Bg2 O-O 5. Nf3 Re8 6. O-O h6 7. d3 c6 8. Bd2 (
8. Ne4 Nxe4 9. dxe4 a5 $11) 8... d5 $6 {Eine ziemlich schablonenhafte
Fortsetzung. Nach 7...c6 scheint dieser Zug logisch. Es wäre besser mit
Wartezügen fortsetzen.} (8... Bf8 9. a3 d5 10. cxd5 cxd5 11. d4 e4 12. Ne5 Nc6
13. Nxc6 bxc6 14. Rc1 Nd7 15. b4 Nb6 16. Na4 Nc4 {0-1 Valden,P-Zahariev,Z/
Chania 2000/EXT 2001 (33)}) (8... a6 9. Rc1 Bf8 10. Qb3 d6 11. a4 a5 12. Rfd1
Na6 13. d4 exd4 (13... e4 14. Ne1 Nb4 15. Nc2 d5 $13) 14. Nxd4 Nc5 15. Qc2 Bg4
16. Be3 Qb6 {0-1 Ramirez,A-Smeets,J/Wijk aan Zee 2005/(58)}) 9. Nxd5 $1 {
[%mdl 64] Mit dieser kleiner Tauschkombination gewinnt Weiß einen Bauern.} (9.
cxd5 cxd5) 9... Nxd5 (9... Bxd2 $2 10. Nxf6+ $16) 10. cxd5 Bxd2 11. Nxd2 (11.
dxc6 Ba5 12. Nxe5 Nxc6 13. Nxc6 bxc6 14. Bxc6 Bh3 15. Qa4 Rxe2 {0-1 Ivanov,
I-Silman,J/San Mateo 1989/EXT 97 (23)}) 11... cxd5 12. Qb3 $16 {[%csl Gb3,Rd5]
[%cal Gb3d5,Gb3b7,Gg2b7] Weißverfügt über eine ausgezeichnete Entwicklung und
gewinnt einen Bauern, da die Bauern auf b7 und d5 schwach sind.} Be6 (12... d4
13. Bxb7) (12... e4 13. dxe4 dxe4 14. Nxe4 Qe7 15. Rfd1 $16 {1/2-1/2
Wallrabenstein,U-Trescher,M/Gemuend 1999/EXT 2003 (33)}) (12... Nc6 13. Qxd5
Nd4 14. e3 Qxd5 15. Bxd5 Nc2 16. Rac1 Nb4 17. Bc4 $14 {0-1 Hallmann,O-Roemhild,
M/Weilburg 1995/EXT 97 (46)}) 13. Qxb7 {Weiß hat einen Bauern mehr und für
Schwarz ist es nun schwer, das Spiel für sich zu entscheiden.} Nd7 14. Qa6 {
Weiß nimmt nicht den zweite Bauern und bescheidet sich mit einem Mehrbauern.
Meiner Meinung nach wäre es besser 14.Bxd5!? zu spielen.} (14. Bxd5 $5 Rb8 15.
Qc6 Rb6 (15... Rc8 16. Qd6) 16. Qc4 Bxd5 17. Qxd5 Rxb2 18. Nc4 Rxe2 19. Qf3 Rc2
20. Qd1 Rc3 21. Qd2 $18) 14... Qb6 (14... Nc5 15. Qa3 Qb6 16. Rfc1 $16) 15.
Qxb6 Nxb6 16. Rfc1 Rac8 17. b3 {Mit diesem Zug verteidigt sich Weiß gegen Na4.}
(17. Nb3 Na4) 17... Kf8 (17... a5 18. a3 a4 19. b4 $16) (17... d4) 18. d4 $1 f6
(18... exd4 19. Nf3) 19. e3 Ke7 20. Bf1 {[%cal Gf1a6] Weiß verbessert seine
Läuferstellung, der Läufer zielt auf das Feld a6.} Kd6 (20... a5 21. Ba6 Rxc1+
22. Rxc1 Kd6) 21. Ba6 Rxc1+ 22. Rxc1 {[%cal Gc1c8] Weiß hat einen Bauern mehr
und kontrolliert die einzige offene Linie.} Bc8 23. Bxc8 Nxc8 {[%mdl 4096]} (
23... Rxc8 24. Rxc8 Nxc8 25. Kf1 $16) 24. dxe5+ fxe5 25. e4 d4 (25... Nb6 26.
exd5 Nxd5 27. Ne4+ $16) 26. Nc4+ Kd7 27. Nb2 {[%csl Yd3][%cal Gb2d3]} g5 28.
Nd3 {[%csl Gd3] Der Springer hat ein ausgezeichnetes Blockadefeld auf d3.} Nd6
29. f3 Nf7 (29... g4 30. Rc5) 30. Rc5 {Weiß hat über Materialvorteil hinaus
eine sehr aktive Stellung.} Re7 31. Kf2 (31. b4 $16) 31... h5 32. h4 g4 (32...
gxh4 33. gxh4 $16) 33. fxg4 (33. f4 exf4 34. Nxf4 Nd6) 33... hxg4 34. Ke2 {
[%csl Gh4] Jetzt hat Weiß einen erfernten Freibauern und praktisch steht er
auf Gewinn.} Kd8 35. Nf2 Nd6 36. Rd5 (36. Kd3 Rf7 37. Nxg4 Rf3+ 38. Ke2 Rxg3
39. Nxe5 Re3+ 40. Kf1 Rxe4) 36... Kc7 37. Nxg4 Rg7 (37... Nxe4 38. Rxe5 Nxg3+
39. Kf3 Rxe5 40. Nxe5 Nf5 41. Kg4 $18) 38. Nxe5 Rxg3 39. Rxd4 Rg2+ 40. Kf3 Rxa2
41. Nc4 $18 {Weiß hat schon zwei Bauern mehr; eine kleine technische
Schwierigkeit zum Gewinn besteht nur noch im reduziertem Material.} Ne8 (41...
Nxc4 42. Rxc4+ Kd6 43. Ra4 $18) 42. Ne3 Rb2 43. Rd3 Ng7 44. Kg4 Rh2 45. Nf5 Ne6
(45... Nxf5 46. exf5 $18) 46. h5 Rf2 47. h6 Nf8 (47... Rf4+ 48. Kg3 $18) 48.
Kg5 Re2 49. Re3 Rg2+ 50. Rg3 (50. Kf6 Nh7+ 51. Ke7 $18) 50... Re2 51. Rg4 Rb2
52. Kf6 {Jetzt ist der b3P ist nicht wichtig, Weiß gewinnt die Partie am
Königsflügel.} Rxb3 53. Ke7 Rb8 54. e5 (54. Rg8 $18) 54... a5 55. e6 Nh7 56.
Rg7 Rh8 57. Kf7 (57. Rxh7 $2 Rxh7+ 58. Kf8 a4 59. Kg8 Rxh6 60. Nxh6 a3 61. e7
a2 $11) 57... Kc6 (57... a4 58. e7 $18) 58. e7 Kd7 59. Kg6 (59. Rxh7 Rxh7+ 60.
Ng7 Rh8 61. e8=Q+ Rxe8 62. Nxe8 $18) 59... a4 60. Rxh7 Rxh7 61. Kxh7 a3 62. Ne3
(62. Kg6 a2 63. Kf7 a1=Q 64. e8=Q+ $18) 62... Kxe7 63. Kg8 1-0

[Event "Linares zt"]
[Site "Linares"]
[Date "1995.??.??"]
[Round "5"]
[White "Fernandes, Antonio ETG"]
[Black "Gomez Esteban, Juan Mario"]
[Result "1-0"]
[WhiteElo "2380"]
[BlackElo "2425"]
[Annotator "Ribli,Z"]
[PlyCount "88"]
[EventDate "1995.11.??"]
[EventType "swiss"]
[EventRounds "11"]
[EventCountry "ESP"]
[SourceTitle "CBM 051"]
[Source "ChessBase"]
[SourceDate "1996.04.01"]
[SourceVersion "1"]
[SourceVersionDate "1996.04.01"]
[SourceQuality "1"]

1. c4 e5 2. Nc3 Nf6 3. e3 c6 $146 (3... Bb4 $5 4. Nge2 O-O 5. a3 Bxc3 6. Nxc3
d5 7. cxd5 Nxd5 8. Qc2 c5 9. Bd3 Nxc3 10. dxc3 f5 11. O-O Be6 12. c4 Nc6 $13 {
Franco,Z-Morovich,A/Pamplona/1995/CBM46/}) 4. Nf3 e4 5. Nd4 d5 6. cxd5 cxd5 7.
d3 {Wir sehen jetzt eine Sizilianische Verteidigung -B22- mit c3, aber wegen
des Farbtausches hat Fernandes ein wichtiges Tempi mehr.} Bc5 8. Nb3 Bb4 9. Bd2
{Droht /\ Nxe4} Nc6 10. dxe4 dxe4 11. Bb5 O-O $6 {Der Nachziehende hat einen
Bauern eingestellt -geopfert ?-.} (11... Bd7 12. Bxc6 (12. O-O $5 O-O $13)
12... Bxc6 13. Nxe4 Nxe4 (13... Bxe4 14. Bxb4 Qxd1+ 15. Rxd1 Bxg2 16. Rg1 Bf3
17. Rd4 $14) 14. Bxb4 Qg5 $44) 12. Bxc6 bxc6 (12... Bxc3 $2 {Mit diesem Zug
verliert der Nachziehende keinen Bauern sondern "nur" die Partie .} 13. Bxc3
bxc6 14. Qxd8 Rxd8 15. Bxf6 gxf6 16. Nc5 $16 {Weiss hat eine ueberlegene
Stellung, weil die schwarze Bauernstruktur grauenhaft ist und den
Riesenspringer auf c5 man nicht mit dem c8-Laeufer vergleichen kann.}) 13. Nxe4
Nxe4 (13... Bxd2+ 14. Nexd2 Ba6 15. Nc5 Bb5 16. a4 $18) 14. Bxb4 {[#] Die
schwarze Stellung sieht sehr kritisch aus.} Qg5 $1 $8 (14... Re8 $2 15. Qxd8
Rxd8 16. f3 $18) (14... Qh4 15. O-O Rd8 (15... Nxf2 16. Qe1 $1 $18) 16. Qe1 Ba6
17. f3 $18) 15. Qf3 (15. Bxf8 $2 Qxg2 16. Rf1 Ba6 $19) 15... Re8 16. O-O Qg6 {
Droht /\ 17... Ng5 18.Qg3 Re4 dann Rg4.} 17. Kh1 (17. Nd2 Bg4 18. Qf4 Bh3 19.
Qf3 Bg4 $10) 17... Rb8 $1 {[#] Schwarz findet eine gute Moeglichkeit, seinen
Turm zu aktivieren.} 18. Bc3 Rb5 $1 19. Nd2 {Mit diesem Zug opfert Weiss seine
Dame den schwarzen Angriff zu entschaerfen.} (19. Nd4 Rh5 20. Qf4 c5 21. Nf3
Bb7 $40) 19... Bg4 $5 (19... Nxd2 20. Bxd2 Rxb2 $10) 20. Qf4 Rf5 21. Qxe4 Rxe4
22. Nxe4 {Im Endergebnis hat Weiss Turm,Springer und Bauer gegen die schwarze
Dame. Ich meine, dass der Anziehende gute Remischancen hat.} Rd5 23. f3 Bf5 24.
Ng3 Be6 (24... Bd3 $5) 25. e4 Rd7 26. a3 {Jetzt kommt ein "Wunder", der
Nachziehende zieht und innerhalb vier Zuegen wir seine Stellung sehr kritisch.}
h5 $6 (26... f6 $5) 27. f4 Qg4 $2 {Dieser "Angriffszug" macht nur unnoetiges
Problem fuer Gomez.} (27... Bc4 $5) 28. Rf3 f6 29. h3 Qh4 30. Kh2 {Unglaublich
aber wahr. Das Blatt ist gewendet, nun steht Weiss klar besser, weil die
schwarze Dame auf h4 sehr unbequem placiert. In der letzten Zuegen spielte
Schwarz sehr konsequenz auf Verlust.} Bg4 31. Nf5 $1 Bxf5 32. exf5 {Droht /\
Be1.} Re7 33. Raf1 Re2 34. Bd4 $1 {Droht /\ Bf2.} g5 35. Bxf6 {Die Partie ist
aus.} g4 36. Bxh4 gxf3 37. Rxf3 Rxb2 38. Rc3 Kf7 39. Rxc6 Ra2 40. Ra6 Ke8 41.
Bg5 Kd7 42. Kg3 Kc8 43. Kf3 Kb7 44. Ra4 a6 {Ribli} 1-0

[Event "FIDE World Cup"]
[Site "Khanty-Mansiysk"]
[Date "2005.12.06"]
[Round "4.1"]
[White "Vallejo Pons, Francisco"]
[Black "Aronian, Levon"]
[Result "1/2-1/2"]
[WhiteElo "2674"]
[BlackElo "2724"]
[Annotator "Ribli,Z"]
[PlyCount "88"]
[EventDate "2005.11.27"]
[EventType "k.o."]
[EventRounds "7"]
[EventCountry "RUS"]
[SourceTitle "CBM 111"]
[Source "ChessBase"]
[SourceDate "2006.04.04"]
[SourceVersion "1"]
[SourceVersionDate "2006.04.04"]
[SourceQuality "1"]

1. c4 Nf6 2. Nc3 e5 3. g3 Bb4 {Eine gute positionelle Fortsetzung, die
heutzutage weniger gespielt wird, als die Alternative 3...d5.} 4. Bg2 O-O 5. e4
Bxc3 $5 {Schwarz nimmt auf c3, sonst sichert sich Weiß mit 6.Nge2 den Springer
auf c3.} 6. bxc3 c6 7. d4 (7. Ne2 d5 8. cxd5 cxd5 9. exd5 Nxd5 10. O-O Nc6 11.
Rb1 Rb8 12. c4 Nb6 13. d3 Bf5 14. Rb3 Qd7 15. Be3 Rfd8 16. Bxb6 axb6 17. Bd5
Ne7 18. Nc3 Nxd5 19. Nxd5 Be6 20. Nxb6 Qc6 $44 {1/2-1/2 Teske,H-Meins,G/BL
0304 TV Tegernsee - SV Werder Bremen 2004 (25)}) (7. Qb3 Na6 8. Ba3 Re8 9. Ne2
b6 10. O-O Bb7 11. c5 Nxc5 $1 12. Bxc5 Ba6 13. Bxb6 axb6 14. c4 d6 15. a4 Qc7 {
0-1 Steindorsson,S-Timman,J/Reykjavik 2000/CBM 75 ext (34)}) (7. Ba3 Re8 8. Bd6
Re6 9. c5 b6 10. Ne2 bxc5 11. Bxc5 Ba6 12. d3 d5 13. exd5 cxd5 14. O-O Nbd7 {
0-1 Serafimov,T-Shchekachev,A/Paris 2005/(54)}) 7... exd4 (7... d6 8. Ne2 Re8
$5 (8... c5 $6 9. d5 Ne8 10. h3 $14 {Weiß verfügt über eine schlechte
Bauernstruktur wegen des Doppelbauern auf der c-Linie. Anderseits hat er das
Läuferpaar und mit f2-f4 kann er die Initiative gewinnen.} g6 11. Bh6 {[%csl
Gh6]} Ng7 12. g4 Nd7 (12... f5 13. gxf5 gxf5 14. Rg1 $36 {[%cal Gg1g8]}) 13.
Ng3 {[%csl Gg3]} f6 14. Bf1 $1 Qa5 15. Qd2 Nb6 16. Bd3 Bd7 17. O-O {1-0
Sorokin,M-Motylev,A/Calcutta 2002/CBM 88/[Ribli Zoltan] (58)}) 9. f3 Qa5 10.
O-O Nbd7 11. Qd3 Nb6 12. Bg5 Nfd7 13. f4 h6 14. Bh4 Qa6 15. g4 Qxc4 16. Qf3 $40
{1/2-1/2 Troia,E-Baklanov,V/ICCF Email 2003/ICCF Telechess CBM 105 (53)}) 8.
Qxd4 $146 (8. cxd4 Nxe4 $1 $17) (8. e5 Re8 9. cxd4 d6 10. f4 Be6 (10... dxe5
11. fxe5 c5 12. Ne2) 11. Qd3 Nbd7 12. Qc3 dxe5 13. fxe5 c5 14. d5 Bf5 15. Nf3
Ne4 16. Qa3 Nxe5 17. Nxe5 Rxe5 18. O-O Qd7 19. Bb2 $36 {1/2-1/2 Troia,
E-Horvath,A/ICCF Email 2003/ICCF Telechess CBM 105 (49)}) 8... Re8 9. Ne2 (9.
Bg5 c5 10. Bxf6 Qb6 11. Qd3 Qxf6 12. Ne2 Nc6) 9... d5 $1 {[%mdl 4] Schwarz
opfert einen Bauern, um die Initiative zu erlangen.} 10. cxd5 cxd5 11. exd5 Bf5
$44 {[%cal Ge8e1] Schwarz hat aktives Figurenspiel, Weiß einige Probleme,
seinen König in Sicherheit zu bringen.} 12. Qd1 (12. Be3 Be4) (12. Bg5 Nbd7 13.
Qd2 Qe7) 12... Bg4 13. f3 Bf5 $1 14. c4 $2 {Weiß verteidigt seinen Plusbauern,
aber Schwarz erhält dauerhafte Initiative.} (14. O-O Nxd5) (14. Bg5 Qxd5 15.
Qxd5 Nxd5 16. Kf2 $11) 14... Nbd7 {Dieser Zug ist nicht schlecht, aber 14...
Qa5+ scheint mir stärker.} (14... Qa5+ $1 15. Bd2 (15. Qd2 Qc5 16. Bb2 Nbd7 (
16... Qxc4 17. Bxf6 gxf6 18. Kf2) 17. Rc1 (17. Qd4 Qxd4 18. Bxd4 Bd3 $19) 17...
Ne5 18. Bxe5 Rxe5 19. Kf1 Rae8 20. Nd4 Bd7 $44) 15... Qc5 16. Qb3 (16. Rc1 Bd3)
16... Qe7 $1 17. Bf1 Na6) 15. O-O Ne5 {[%csl Ge5,Gf5][%cal Gd8b6,Gb6g1]
Schwarz hat aktives Figurenspiel.} 16. g4 (16. Qd4 Nxc4 $1 17. Qxc4 Rc8 18. Qb5
a6) 16... Qb6+ 17. c5 $5 {[%mdl 256] Weiß gibt den Bauern zurück und möchte
seine Figurenstellung verbessern.} (17. Qd4 Bd3 $1) (17. Kh1 Nd3 18. gxf5 Nf2+
19. Rxf2 Qxf2 20. Bf1 Qxf3+ 21. Kg1 Ng4) 17... Qxc5+ 18. Qd4 Qc2 $1 19. Qd1 $1
Nc4 {Schwarz ist mit einer Zugwiederholung nicht zufrieden.} (19... Qc5+ 20.
Qd4) 20. Nd4 (20. Qxc2 Bxc2 21. Nc3 Rac8) 20... Qxd1 $6 (20... Qc3 $5 21. Nxf5
Qxa1 22. Qb3 (22. Nxg7 Ne3 $1 23. Bxe3 Qxd1 24. Rxd1 Rxe3 25. Nf5 Re2) 22... b5
(22... Rac8 23. Bf4 Qb2 24. d6)) 21. Rxd1 Bd7 22. d6 $6 (22. Nb3 $5 $14) 22...
Nxd6 $1 23. Nb3 {[%cal Gd1d7] Es scheint, dass Schwarz nach diesem Zug große
Schwerigkeiten auf der d-Linie bekommt, aber Schwarz kann alle Drohungen
parieren.} Nb5 24. g5 Nc3 $1 25. Rd6 (25. Rd2 Nfd5) 25... Re1+ 26. Bf1 $6 {
Weiß riskiert viel; in dieser Stellung sollte er sich mit Zugwiederholung
zufrieden geben.} (26. Kf2 Re2+ 27. Kg1 (27. Kf1 Bb5) 27... Re1+ $11) 26... Bh3
27. Bb2 Rxf1+ 28. Rxf1 {[#]} Ne8 $1 {[%csl Rd6,Rf1][%cal Re8d6,Rh3f1] Das ist
die Pointe des schwarzen Spiels. Weiß hat zwar eine Qualität mehr, aber seine
beiden Türmen sind angegriffen.} 29. Bxc3 Nxd6 30. Rd1 Nb5 {Schwarz hat einen
Bauern mehr und die weiße Bauernstruktur ist schlecht.} 31. Be5 Re8 32. Rd5 (
32. f4 Be6) 32... Na3 33. Nd2 Nc2 {[%cal Gc2b4,Gb4d5,Gb4a2]} (33... a6 $5) 34.
f4 Nb4 (34... Be6 35. Ra5 a6) (34... b6 $5) 35. Rb5 Nd3 (35... Nxa2 36. Rxb7
Ra8 37. Nb3 a5 $2 38. Nxa5) 36. Rxb7 Nxe5 37. fxe5 $11 {Nach Vereinfachungen
ist die Stellung materiell ausgeglichen.} h6 (37... g6 $2 38. Nc4 $16) 38. gxh6
Rxe5 (38... gxh6 39. Nc4 Rc8 $11) 39. Rxa7 (39. Kf2 Ra5 40. Rb8+ Kh7 41. hxg7
Kxg7 42. Rb2) 39... Re2 40. Ra8+ Kh7 41. hxg7 Kxg7 42. Ra3 (42. Nf3 $2 Rg2+ 43.
Kh1 Rf2 44. Ng1 Bg2#) 42... Rg2+ 43. Kh1 Rxd2 44. Rxh3 Rxa2 1/2-1/2

[Event "Pamplona 9495 5th"]
[Site "Pamplona"]
[Date "1994.??.??"]
[Round "?"]
[White "Franco Ocampos, Zenon"]
[Black "Morozevich, Alexander"]
[Result "0-1"]
[WhiteElo "2490"]
[BlackElo "2605"]
[Annotator "Ribli,Z"]
[PlyCount "82"]
[EventDate "1994.12.??"]
[EventType "tourn"]
[EventRounds "9"]
[EventCountry "ESP"]
[EventCategory "13"]
[SourceTitle "CBM 046"]
[Source "ChessBase"]
[SourceDate "1995.06.01"]
[SourceVersion "1"]
[SourceVersionDate "1995.06.01"]
[SourceQuality "1"]

1. c4 e5 2. Nc3 Nf6 3. e3 {Sehr selten gespielt.} Bb4 4. Nge2 O-O 5. a3 (5. Ng3
$5) 5... Bxc3 6. Nxc3 d5 7. cxd5 Nxd5 {Jetzt ist am Brett eine ganz normale
Sizilianische Verteidigung mit einem extra Tempo fuer Weiss (wegen des
Farbtausches).} 8. Qc2 (8. Qb3 $5) 8... c5 9. Bd3 Nxc3 $5 {Das ist offenbar
eine Neuerung.} (9... h6 10. Nxd5 Qxd5 11. O-O Qd6 12. b4 $36 {Weiss besitzt
die Initiative. Rodgaard,J-Morozevich,A/Moscow olm/1994/EXP44/}) 10. dxc3 {
Zu pruefen ist 10.bc3!? mit Spielmoeglichkeiten auf der b-Linie.} (10. Bxh7+ $2
Kh8 11. dxc3 f5 12. Bg6 Qg5 $19) 10... f5 11. O-O Be6 {Droht 12...c4} 12. c4
Nc6 13. b3 a5 14. Rd1 (14. Bb2 $5 {/\ Rad1}) 14... Qg5 15. Bb2 Rae8 16. Rd2 Bc8
17. Rad1 Re6 {Voellig auf seine Angriffsplanung konzentriert, ueberlaesst
Morozevich den Damenfluegel und das Zentrum dem Gegner. Die Chancen sind
ungefaehr gleich.} 18. Bf1 Rh6 19. Rd5 {In Betracht kommt 19.Rd6 auch mit
Turmtausch.} f4 $5 20. exf4 Qxf4 21. g3 Qf7 22. Rxc5 Bf5 $44 {Schwarz hat eine
gefaehrliche Initiative fuer den geopferten Bauern.} 23. Qd2 (23. Qe2 $2 Bg4
24. Qxg4 Qxf2+ 25. Kh1 Rxh2#) (23. Bd3 Bg4 $1 (23... e4 $2 24. Rxf5 $1 Qxf5 25.
Bxe4 $44) 24. Re1 Rxh2 $1 25. Kxh2 Qh5+ 26. Kg1 Bf3 $19) 23... Be4 24. Re1 b6 {
Besser war sofort 24...Qf3} 25. Rb5 Qf3 26. Rxe4 Qxe4 27. Rd5 Qf3 $6 (27...
Rhf6 $5 28. f4 Qb1 $15 {Weiss hat keine ausreichende Kompensation fuer die
Qualitaet.}) 28. Bg2 $1 {Morozevich hat mit diesem Zug hochwahrscheinlich
nicht gerechnet.} Qf5 (28... Qxb3 $2 29. Rb5 $1 Qa4 (29... Qxc4 $2 30. Bd5+ $18
) 30. Bxc6 Rxc6 31. Qd5+ Kh8 32. Qxc6 Qd1+ 33. Kg2 $18) 29. h4 $2 {
Unverstaendlich} (29. Qe2 $5 {Weiss hat genuegende Kompensation fuer die
Qualitaet.}) 29... Rhf6 30. f4 Qg4 31. fxe5 Rf3 $1 32. Qg5 (32. Bxf3 Rxf3 33.
Rd8+ Nxd8 34. Qxd8+ Rf8 35. Qd5+ Kh8 $19) 32... Qxg5 33. hxg5 Rxg3 34. Rd6 Ne7
35. Rxb6 Rxg5 36. Rb7 Ng6 37. Kh1 Nf4 38. Bd5+ Nxd5 39. cxd5 Rf4 40. Rb8+ Kf7
41. e6+ Kg6 {Ribli} 0-1

[Event "Protvino zt"]
[Site "Protvino"]
[Date "1993.??.??"]
[Round "?"]
[White "Anastasian, Ashot"]
[Black "Danielian, Oganes"]
[Result "1/2-1/2"]
[WhiteElo "2470"]
[BlackElo "2440"]
[Annotator "Ribli,Z"]
[PlyCount "70"]
[EventDate "1993.03.??"]
[EventType "tourn"]
[EventRounds "9"]
[EventCountry "RUS"]
[EventCategory "10"]
[SourceTitle "CBM 035"]
[Source "ChessBase"]
[SourceDate "1993.08.01"]
[SourceVersion "1"]
[SourceVersionDate "1993.08.01"]
[SourceQuality "1"]

1. c4 e5 2. Nc3 Bb4 3. g3 Nf6 4. Bg2 O-O 5. Nf3 Bxc3 $5 6. bxc3 e4 7. Nd4 (7.
Ng5 Re8 8. Qc2 Qe7 $13) 7... c5 $5 (7... Nc6 8. O-O Re8 9. d3 $14) 8. Nc2 d5 9.
cxd5 Qxd5 10. O-O (10. Ne3 Qh5 11. h3 Nc6 $13) 10... Qh5 11. Ne3 Bh3 12. f3
Bxg2 13. Kxg2 Nc6 14. d3 exd3 15. Qxd3 (15. exd3 Rad8 {><d3}) 15... Rfe8 16.
Nf5 Rad8 17. Qc2 Ne7 18. g4 (18. Nxe7+ Rxe7 19. e4 Red7 20. Be3 Rd3 21. Rad1 $1
$13) 18... Qg6 19. e4 Nxg4 $5 (19... h5 20. Nh4 Qh7 21. g5 Nd7 $13) 20. Nxe7+ (
20. fxg4 $2 Nxf5 21. exf5 Qxg4+ 22. Kh1 Re2 $19) 20... Rxe7 21. fxg4 Qxg4+ 22.
Kh1 Qxe4+ (22... Rxe4 23. Qf2 f6 24. Be3 $13) 23. Qxe4 Rxe4 24. Bf4 f6 25. Rf3
b5 26. Bg3 Rd5 27. Kg1 Kf7 28. Rc1 Rd2 29. a3 Rc4 30. Re1 Ra2 31. Bd6 Rxa3 32.
Re7+ Kg6 33. Rg3+ Kf5 34. Rf3+ Kg6 35. Rg3+ Kf5 1/2-1/2